000
00313nam a22001337a 4500
008
170712b xxu||||| |||| 00| 0 eng d
020
_a
9780810391642
041
_a
eng
080
_a
030
100
_a
23
101
_a
ENC
245
_a
GALE ENCYCLOPEDIA OF MULTICULTURAL AMERICA
_c
VECOLI, R.J
942
_2
udc
_c
BK
999
_c
20259
_d
20259